[Event "ROM-ch U10"]
[Site "Baile Felix"]
[Date "2017.02.05"]
[Round "4"]
[White "Robu, Calin Damian"]
[Black "Carp, David Albert"]
[Result "1-0"]
[WhiteElo "1151"]
[BlackElo "1024"]
[PlyCount "69"]
[EventDate "2017.02.02"]
[EventType "swiss"]
[EventRounds "9"]
[EventCountry "ROU"]
[SourceTitle "CBM 176 Extra"]
[Source "ChessBase"]
[SourceDate "2017.03.02"]
[SourceVersion "1"]
[SourceVersionDate "2017.03.02"]
[SourceQuality "1"]

1. e4 e5 2. Nf3 Nc6 3. Bc4 Nf6 4. d3 Bc5 5. c3 d6 6. h3 0-0 7. Nbd2 Na5 8. Bb3 Nxb3 9. axb3 d5 10. b4 dxe4 11. dxe4 Bb6 12. 0-0 Be6 13. c4 Qe7 14. c5 Bxc5 15. bxc5 Qxc5 16. b4 Qxb4 17. Ba3 Qb5 18. Bxf8 Rxf8 19. Rb1 Qc6 20. Nxe5 Qc5 21. Nef3 Qc6 22. Rc1 Qd7 23. e5 Nd5 24. Qc2 Bf5 25. Ne4 Nb4 26. Qc4 Nd5 27. Nc5 Qc8 28. Qxd5 Bxh3 29. Ng5 Bxg2 30. Qxg2 Qe8 31. Qh2 h6 32. Kg2 hxg5 33. Rh1 Qc6+ 34. f3 f6 35. e6 1-0

[Event "ROM-ch U08"]
[Site "Calimanesti Caciulata"]
[Date "2016.04.25"]
[Round "9"]
[White "Robu, Calin Damian"]
[Black "Szabo, Tamas"]
[Result "1/2-1/2"]
[WhiteElo "1001"]
[BlackElo "1034"]
[PlyCount "28"]
[EventDate "2016.04.18"]
[EventType "swiss"]
[EventRounds "9"]
[EventCountry "ROU"]
[SourceTitle "EXT 2017"]
[Source "ChessBase"]
[SourceDate "2016.10.25"]
[SourceVersion "1"]
[SourceVersionDate "2016.10.25"]
[SourceQuality "1"]

1. e4 e5 2. Nf3 Nc6 3. Bc4 Nd4 4. c3 Nxf3+ 5. gxf3 Qh4 6. Qb3 Bc5 7. Rf1 Nf6 8. Bxf7+ Kd8 9. d3 Qxh2 10. Be3 Bxe3 11. fxe3 Qg3+ 12. Ke2 Qg2+ 13. Ke1 Qg3+ 14. Ke2 Qg2+ 1/2-1/2

[Event "ROM-ch U08"]
[Site "Calimanesti Caciulata"]
[Date "2016.04.21"]
[Round "4"]
[White "Radu, Teodor"]
[Black "Robu, Calin Damian"]
[Result "1-0"]
[WhiteElo "1121"]
[BlackElo "1001"]
[PlyCount "73"]
[EventDate "2016.04.18"]
[EventType "swiss"]
[EventRounds "9"]
[EventCountry "ROU"]
[SourceTitle "CBM 172 Extra"]
[Source "ChessBase"]
[SourceDate "2016.06.21"]
[SourceVersion "1"]
[SourceVersionDate "2016.06.21"]
[SourceQuality "1"]

1. e4 e5 2. Nf3 Nc6 3. Bc4 Nf6 4. Ng5 Qe7 5. Bxf7+ Kd8 6. Bc4 Ke8 7. Nc3 h6 8. Nf3 a6 9. a4 d6 10. h3 Bd7 11. 0-0 Kd8 12. d3 Qe8 13. d4 exd4 14. Nxd4 Qg6 15. Qf3 Nxd4 16. Qd3 Bxh3 17. Qxh3 Nxc2 18. Rb1 Nxe4 19. Bd3 Nb4 20. Bxe4 Qf7 21. Bxb7 Rb8 22. Bf3 Nd3 23. Be2 Nc5 24. Bh5 g6 25. Bf3 Rb4 26. Bd5 Qe7 27. b3 Qe5 28. Rd1 Qxc3 29. Qxc3 Rb8 30. Qxh8 Ke7 31. Re1+ Kd7 32. Qh7+ Kd8 33. Qxg6 Be7 34. Bc6 Nd7 35. Qe6 Nf8 36. Qxe7+ Kc8 37. Qxf8# 1-0

[Event "ROM-ch U08"]
[Site "Calimanesti Caciulata"]
[Date "2016.04.18"]
[Round "1"]
[White "Savin, Mihai"]
[Black "Robu, Calin Damian"]
[Result "1-0"]
[WhiteElo "1061"]
[BlackElo "1001"]
[PlyCount "83"]
[EventDate "2016.04.18"]
[EventType "swiss"]
[EventRounds "9"]
[EventCountry "ROU"]
[SourceTitle "CBM 172 Extra"]
[Source "ChessBase"]
[SourceDate "2016.06.21"]
[SourceVersion "1"]
[SourceVersionDate "2016.06.21"]
[SourceQuality "1"]

1. e4 e6 2. d4 d5 3. e5 Nc6 4. Nf3 Bd7 5. Nc3 Bb4 6. Bd2 Nh6 7. Bd3 Nf5 8. a3 Be7 9. Ne2 0-0 10. 0-0 Bh4 11. Bxf5 exf5 12. Nxh4 Qxh4 13. Bb4 Nxb4 14. axb4 f4 15. Qd3 Qg4 16. h3 Qg5 17. Qf3 Bf5 18. Nxf4 c6 19. Rfe1 Bxc2 20. e6 Rae8 21. exf7+ Kxf7 22. Ne6+ Kg6 23. Nxg5 Rxf3 24. gxf3 Rxe1+ 25. Rxe1 Kxg5 26. Re7 Kf6 27. Rxb7 a6 28. Rb6 a5 29. Rxc6+ Kf5 30. Rxc2 axb4 31. Rc5 Kf4 32. Rxd5 Kxf3 33. Rf5+ Ke4 34. Rb5 Kxd4 35. Rxb4+ Kc5 36. Rh4 h6 37. f4 Kd5 38. Rg4 Ke4 39. Rxg7 Kxf4 40. Rh7 Kg5 41. h4+ Kxh4 42. Rxh6+ 1-0